Misterios (Record no. 189317)

MARC details
000 -LEADER
campo de control de longitud fija 00760nam a2200217 i 4500
001 - NÚMERO DE CONTROL
campo de control 189317
003 - IDENTIFICADOR DE NÚMERO DE CONTROL
campo de control SpMaBN
005 - FECHA Y HORA DE LA ÚLTIMA TRANSACCIÓN
campo de control 20230906223439.0
008 - DATOS DE LONGITUD FIJA--INFORMACIÓN GENERAL
campo de control de longitud fija 190522s1931 sp |||| | spa d
080 ## - NÚMERO DE LA CLASIFICACIÓN DECIMAL UNIVERSAL
Número de la Clasificación Decimal Universal 821.113.5-31"19"
100 1# - ENTRADA PRINCIPAL--NOMBRE DE PERSONA
Nombre de persona Hamsun, Knut.
9 (RLIN) 61705
245 10 - MENCIÓN DEL TÍTULO
Título Misterios
Resto del título : novela /
Mención de responsabilidad, etc. Knut Hamsun ; traducción de Luis Molins Correa.
260 ## - PUBLICACIÓN, DISTRIBUCIÓN, ETC.
Lugar de publicación, distribución, etc. Barcelona :
Nombre del editor, distribuidor, etc. Jasón,
Fecha de publicación, distribución, etc. 1931.
300 ## - DESCRIPCIÓN FÍSICA
Extensión 450 p. ;
Dimensiones 19 cm.
490 1# - MENCIÓN DE SERIE
Mención de serie Colección literaria.
-- Obras completas ;
Designación de volumen o secuencia 14
593 ## -
-- Premio Nobel 1920.
700 1# - ENTRADA AGREGADA--NOMBRE PERSONAL
Nombre de persona Molins Correa, Luis.
9 (RLIN) 82019
830 0# - PUNTO DE ACCESO ADICIONAL DE SERIE-TÍTULO UNIFORME
Título uniforme Colección literaria.
-- Obras completas ;
Designación de volumen o secuencia 14
9 (RLIN) 225806
852 ## - LOCALIZACIÓN
Ubicación ES-MaACL
Número de control de estantería L-32327
Nota libre . - Donat. herederos de la bibl. de Mª del Pilar Costa Palacín
Holdings
Estatus retirado Estado de pérdida Estado de daño No para préstamo Biblioteca de origen Biblioteca actual Ubicación en estantería Fecha de adquisición Fuente de adquisición Total de préstamos Signatura topográfica completa Código de barras Visto por última vez Precio de reemplazo Tipo de ítem Koha
        Biblioteca del Ateneo de Madrid Biblioteca del Ateneo de Madrid Depósito 2 22/05/2019     L-32327 1200583 23/02/2023 23/02/2023 Libro impreso